000 01764nam0a22003251 4500
001 rc\3216071
005 20250609191901.0
021 _aRU
_b[72-27132]
035 _a(NLR Aleph) 007465457
090 _a7360668
_c7360668
100 _a20130115d1972 |||y0rusy50 ca
101 0 _arus
102 _aRU
105 _aa z |||||
200 1 _aЩековые дробилки
_eМетоды расчета и особенности эксплуатации
_eОбзор
_fМ-во строит., дор. и коммун. машиностроения. Техн. упр. Центр. науч.-исслед. ин-т информации и техн.-экон. исследований по дор. и коммун. машиностроению
210 _aМосква
_cБ. и.
_d1972
215 _a85 с.
_cчерт.
_d21
225 1 _aСерия II ["Оборудование для промышленности строительных материалов"
_vРазд. 2
_iОборудование для производства асбестоцементных и керамических изделий
_iДробильно-обогатительное оборудование]
300 _aНа обороте тит. л. авт.: кандидаты техн. наук Б.В. Клушанцев, А.И. Косарев, Л.Н. Логак, инж. А.И. Богацкий
320 _aСписок лит.: с. 82-84 (31 назв.)
606 _aДробилки щековые
_2psbo
701 1 _aКосарев
_bА.И.
701 1 _aЛогак
_bЛ.Н.
701 1 _aБогацкий
_bА.И.
701 1 _aКлушанцев
_bБ.В.
801 0 _aRU
_bNLR
_gpsbo
801 1 _aRU
_bELAR
_2rusmarc
852 _aNLR
_j72-6/3772
942 _cBOOK
980 _aNB